|
|
|
|
| LEADER |
00000nam0a2200000 4500 |
| 001 |
90045 |
| 005 |
20231031103315.0 |
| 010 |
|
|
|a 5852170046
|
| 020 |
|
|
|a RU
|b 90-57199
|
| 035 |
|
|
|a (RuTPU)RU\TPU\book\96580
|
| 090 |
|
|
|a 90045
|
| 100 |
|
|
|a 20060203d1990 m a0rusy5003 ca
|
| 101 |
0 |
|
|a rus
|
| 102 |
|
|
|a RU
|
| 105 |
|
|
|a y z 000zy
|
| 200 |
1 |
|
|a Советская экономика: катастрофа или катарсис?
|f С. Меньшиков
|
| 210 |
|
|
|a Москва
|c СП "Интер-Версо" : Междунар. отношения
|d 1990
|
| 215 |
|
|
|a 397,[2] с.
|d 21 см
|
| 610 |
1 |
|
|a экономика
|
| 610 |
1 |
|
|a СССР
|
| 610 |
1 |
|
|a перестройка
|
| 686 |
|
|
|a У9(2)0
|v LBC/SL-A
|2 rubbk
|
| 700 |
|
1 |
|a Меньшиков
|b С.М.
|g Станислав Михайлович
|4 070
|
| 801 |
|
0 |
|a RU
|b RuMRKP
|c 19950417
|g psbo
|
| 801 |
|
1 |
|a RU
|b 63413507
|c 20060203
|g PSBO
|
| 801 |
|
2 |
|a RU
|b 63413507
|c 20071107
|g PSBO
|
| 942 |
|
|
|c BK
|